Variability and reliability in spatiotemporal gait parameters of stroke patients across overground, treadmill and body-weight supported treadmill walking (Record no. 45664)

000 -LEADER
fixed length control field 00567nam a22001697a 4500
001 - CONTROL NUMBER
control field 45664
003 - CONTROL NUMBER IDENTIFIER
control field BD-DhUET
008 - FIXED-LENGTH DATA ELEMENTS--GENERAL INFORMATION
fixed length control field 250802b xxu||||| |||| 00| 0 eng d
040 ## - CATALOGING SOURCE
Transcribing agency 0
Modifying agency BD-DhUET
100 ## - MAIN ENTRY--PERSONAL NAME
Personal name Mehedi Hasan Prince
245 ## - TITLE STATEMENT
Title Variability and reliability in spatiotemporal gait parameters of stroke patients across overground, treadmill and body-weight supported treadmill walking
260 ## - PUBLICATION, DISTRIBUTION, ETC. (IMPRINT)
Place of publication, distribution, etc. Dhaka
Name of publisher, distributor, etc. Department of Biomedical Engineering, BUET
Date of publication, distribution, etc. 2026
300 ## - PHYSICAL DESCRIPTION
Extent xiii, 86 p.
501 ## - WITH NOTE
With note One CD-ROM
504 ## - BIBLIOGRAPHY, ETC. NOTE
Bibliography, etc Includes bibliographies
942 ## - ADDED ENTRY ELEMENTS (KOHA)
Koha item type Thesis
Holdings
Koha item type Price effective from Source of classification or shelving scheme Location (home branch) Withdrawn status Date acquired Not for loan Piece designation (barcode) Lost status Damaged status Shelving location Koha date last seen Sublocation or collection (holding branch)
Thesis2026-04-26 Central Library, BUET 2026-04-21 121021  Acquisition section2026-04-26Central Library, BUET